00627nam a2200217 a 450000100060000000300080000600500170001400800410003103500190007204000220009104100080011308200220012110000230014324500370016626000410020330000320024449000280027650400500030465000270035483000280038159724BD-RjUL20211209080749.0161227s1995 enka 001 0 eng d a(BD-RjUL)59848 aBDSbengcBD-RjUL aeng0 a657223bARP 19951 aArora, M.Nq(John)12aPractical costing /cM.N Arora,  aNew Delhi :bS Chand & Co Ltd,c1995 ax, 159 p. :bill. ;c24 cm. aFinancial skills series aIncludes bibliographical references and index 0aActivity-based costing 0aFinancial skills series